[Event "Lyon op"]
[Site "Lyon"]
[Date "1995.??.??"]
[Round "5"]
[White "Charles, Gerald"]
[Black "Lalechere, Jean Baptiste"]
[Result "0-1"]
[WhiteElo "2020"]
[BlackElo "1730"]
[PlyCount "52"]
[EventDate "1995.??.??"]
[EventType "swiss"]
[EventRounds "9"]
[EventCountry "FRA"]
[SourceTitle "EXT 1999"]
[Source "ChessBase"]
[SourceDate "1998.11.16"]
[SourceVersion "1"]
[SourceVersionDate "1998.11.16"]
[SourceQuality "1"]

1. c4 e5 2. Nc3 Nf6 3. Nf3 Nc6 4. g3 d6 5. Bg2 g6 6. 0-0 Bg7 7. d3 0-0 8. Rb1 Be6 9. b4 Rb8 10. b5 Ne7 11. e4 Qd7 12. Nd5 Nfxd5 13. cxd5 Bg4 14. Qc2 c6 15. Qb3 cxd5 16. exd5 Bxf3 17. Bxf3 f5 18. Bd2 f4 19. Kg2 Nf5 20. Bc3 fxg3 21. hxg3 Rbc8 22. Be4 Nh4+ 23. Kh2 Qg4 24. Bd2 Nf3+ 25. Bxf3 Qxf3 26. Be3 Rf5 0-1